000 00479nam a22001937a 4500
003 OSt
005 20220107122732.0
008 140405b xxu||||| |||| 00| 0 eng d
020 _a9789350235317
040 _cIIITM-K
082 _a006.74 GAT/P
100 _aGates, Alan
_93532
245 _aProgramming pig
_cby Alan Gates
260 _aMumbai,
_bO'Reilly,
_c2011.
300 _axiv, 203p.
650 _aWEB PROGRAMMING
_93533
650 _aAPACHE PIG
_93534
942 _2ddc
_cBK
999 _c3683
_d3683